| 000 | 01454nam2a2200313 4500 | ||
|---|---|---|---|
| 001 | RU\NLR\BIBL_A\010705259 | ||
| 005 | 20250806205222.0 | ||
| 035 | _a(NLR Aleph) 010705259 | ||
| 090 |
_a51373 _c51373 |
||
| 100 | _a20250806 rusy50 | ||
| 101 | 0 | _arus | |
| 102 | _aRU | ||
| 135 | _acrcn 024anaba | ||
| 200 | 0 | _a1942, 4 сент. | |
| 210 | _d1942 | ||
| 325 | 1 | _aКопия доступна в электронной библиотеке РНБ | |
| 461 | 0 |
_1001RU\NLR\BIBL_A\010701412 _12001#$aНавстречу военной зиме$eоднодневная газета Свердловского РК ВКП (б) и исполкома райсовета депутатов трудящихся$v1942, 4 сент. |
|
| 852 |
_aNLR _jОдн1942/21 |
||
| 856 | 0 | _uhttp://vivaldi.nlr.ru/pn000150824/view | |
| 856 | 1 | _uhttp://vivaldi.nlr.ru/pn000150824/cover | |
| 856 | 2 | _uhttp://vivaldi.nlr.ru/pn000150824/text | |
| 901 | _eГазеты | ||
| 942 | _cISSNP | ||
| 945 | _aРоссийская национальная библиотека | ||
| 980 | _aNB | ||
| 980 | _aBV | ||
| 981 | 3 | 7 |
_a(37) Ленинград в Великой Отечественной войне _b(37) Газеты блокадного Ленинграда |
| 981 | 2 | 7 |
_a(27) Периодические издания _b(27) Газеты |